1908 1853 1198 1285 1399 1857 1337 1114 1219 1235 1156 1541 1758 1977 1285 1627 1886 1674 1083 1843 1648 1921 1654 1212 1096 1633 1934 1516 1011 1251 1884 1490 1358 1852 1123 1925 1394 1756 1881 1920 1415 1228 1726 1039 1237 1035 1169 1890 1689 1971 1437 1583 1741 1878 1306 1598 1350 1069 1572 1814 1399 1931 1374 1096 1562 1876 1962 1829 1797 1323 1504 1824 1748 1931 1000 1128 1594 1969 1879 1032 1131 1439 1366 1796 1975 1266 1040 1333 1982 1107 1009 1382 1294 1572 1415 1615 1512 1641 1322 BCNSPRNW ULIB Ver.6.0+V

เปลี่ยนเป็นภาษาไทย

Change to English
 แสดงรายละเอียดบรรณานุกรม
  กลับหน้าหลัก

Brief Record : Get Marc (ISO 2709) : E-mail record : QR code < ปิดหน้าต่าง
LEADER : 00000nam 2200000uu 4500
001    13399127960
003     ULIB
008    211117s2563||||th 000 0 tha d
020 ^  ^a9786168253243
050 ^  ^aนว.^bพ112พ
100 0  ^aพงศกร จินดาวัฒนะ.
245 1  ^aพนมนาคา /^cพงศกร.
250 ^  ^aพิมพ์ครั้งที่ 2.
260 ^  ^aกรุงเทพฯ :^bบริษัท กรู๊ฟ พับลิชชิ่ง,^c2563.
300 ^  ^a595 หน้า.
650 ^  ^aนวนิยาย.
945    ^p490^l0^i008550
999    ^aประนอม เกษจรัล
รายการนี้ยังไม่มีแท็ก
คุณยังไม่ได้ล็อกอิน คุณสามารถมีกิจกรรมร่วมกับเว็บไซต์ได้ แต่ต้องล็อกอินก่อน ::
  ล็อกอิน

รายการสื่อสารสนเทศ

ลำดับที่ ประเภท เลขเรียก/บาร์โค้ด สถานที่ สถานะ
1. นวนิยาย
นวนิยาย
นว. พ112พ ฉ.1 
  Barcode: 008550
ห้องสมุดวิทยาเขตสวรรค์ประชารักษ์
►นวนิยาย
บนชั้น
  ขอยืม

รายการใกล้เคียง
    ผู้แต่ง [พงศกร จินดาวัฒนะ.]

    หัวเรื่อง [นวนิยาย.]

BibComment


ยังไม่เคยถูกคอมเมนท์

คอมเมนท์ทรัพยากรรายการนี้
  คอมเมนท์: พนมนาคา พงศกร


 Copyright 2026. Bcnsprnw @Library